Statistics for 10 Countries with the Highest Hindu Population

Click here to take the quiz!

General Stats

  • This quiz has been taken 164 times
  • The average score is 9 of 10

Answer Stats

#Country%% Correct
1,025 milIndia79.8
100%
23.4 milNepal81.3
94%
3.62 milPakistan1.85
93%
2.23 milUnited States0.7
91%
13.5 milBangladesh8.54
88%
832,000United Kingdom1.7
86%
2.55 milSri Lanka12.6
84%
4.25 milIndonesia1.69
77%
1.94 milMalaysia6.3
76%
893,000Myanmar1.5
74%

Score Distribution

Percentile by Number Answered

Percent of People with Each Score

Your Score History

You have not taken this quiz